[Event "Dyfed Open"]
[Site "?"]
[Date "2018.02.17"]
[Round "3"]
[White "Van Kemenade, Julie"]
[Black "Van Kemenade, Rudy"]
[Result "0-1"]
[WhiteElo "1692"]
[BlackElo "1981"]
[Annotator "Rudy"]
[PlyCount "82"]
[EventDate "2018.??.??"]

1. e4 e5 2. Bc4 Nf6 3. d3 (3. Qe2 Nc6 4. c3 Bc5 5. Nf3 O-O 6. Bb3 d6 7. O-O h6
8. d3 Kh7 9. Be3 Nd7 10. Bc2 Bb6 11. Nbd2 g6 12. h3 {J Van Kemenade-R Van
Kemenade, Huddersfield Ch 2002, 1-0 -ended up sharing the title}) 3... c6 4.
Nf3 Be7 (4... d5 5. exd5 cxd5 6. Bb3 Nc6 7. O-O Be7 8. Re1 Bg4 9. h3 Bxf3 10.
Qxf3 O-O {J van Kemenade-R Van Kemenade,Aberystwyth ch 2008,0-1}) 5. Nc3 (5.
Nxe5 $2 Qa5+ $19 {15 games in the database, plus internet games}) (5. O-O d6 6.
c3 Nbd7 7. Nbd2 h6 8. Re1 Qc7 9. Nf1 d5 10. Bb3 dxe4 11. dxe4 Nc5 12. Bc2 Bg4 {
Heap- R Van Kemenade, Dyfed League 2015, 1/2-1/2}) 5... d6 6. h3 h6 (6... O-O {
main}) 7. Bb3 Nbd7 8. Ne2 (8. O-O Nf8 (8... g5 9. Nh2 Nf8 10. d4 Qc7 11. dxe5
dxe5 12. Be3 Ng6 13. Qe2 Nf4 {Maier-Zimmermann, SUI-South Germany, Bern 1923,1/
2-1/2}) 9. d4 Qc7 10. dxe5 dxe5 11. Qe2 Be6 12. Be3 Bxb3 13. axb3 a6 14. Na4
N8d7 15. Rfd1 O-O 16. Nc3 Bc5 {Haddock-Parry, London Classic op 2012,0-1}) 8...
Nc5 9. c3 Nxb3 10. axb3 Qc7 11. Ng3 d5 (11... O-O) 12. Qe2 dxe4 {removes
threats to e5} 13. dxe4 Be6 14. Qc2 (14. Nf5 Bf8 15. b4 g6 16. Ng3 Bg7 17. O-O
O-O $11 {Komodo11}) (14. c4 {weakens the wh squares , but should be ok} a5 15.
Bd2 O-O 16. O-O Nd7 17. Nf5 Bxf5 18. exf5 Rfe8 19. Rfd1 b6 20. Be1 $11 {
Komodo11}) 14... Nd7 15. Be3 a6 16. O-O O-O 17. Nf5 {before Bl can play Rfe8,
to retreat the B to f8} Bxf5 18. exf5 $11 Nf6 19. Ra4 {throwing the R into the
K for a dangerous attackside} (19. Nd2 Rad8 20. Ne4 Nxe4 21. Qxe4 Rd5 22. Qg4
Kh7 23. Rfe1 Rfd8 24. b4 $11 {Komodo11}) 19... Nd5 (19... Rad8 20. Nh2 Nd5 21.
Re1 Rfe8 22. Bc1 Bc5 23. Rg4 Qd6 $11 {Komodo11; after unclear regroupings on
both sides}) 20. Rg4 (20. Bc1 {expected by Bl to maintain sacrificial chances})
20... Nxe3 (20... Nf6 21. Ra4) 21. fxe3 Qb6 {not after pawns but to come down
the centre against the Wh K side buildup.} 22. Kh1 Bf6 23. e4 {keeps the pawn,
but cuts the R off from returning to the centre ( & also deprives the N of
this square)} (23. Nd2 Qxe3 (23... Kh7 24. Nc4 Qb5 25. Ra1 Qc5 26. b4 Qe7 27.
Nd2 Rad8 28. Ne4 $11) 24. Rf3 Qb6 25. Ne4 c5 26. Rfg3 Kh8 27. Nxf6 Qxf6 28.
Rxg7 Rfe8 29. Qe4 Qxg7 (29... b5 30. Qe3 Qxg7 {forced} (30... Ra7 31. R3g6 Qxg7
32. Rxh6+ Kg8 33. f6 Qg6 34. Rxg6+ fxg6 35. Qh6 Rd7 36. Qxg6+ $18) 31. Rxg7
Kxg7 32. f6+ Kxf6 33. Qxh6+ Ke7 $11 {Komodo11})) (23. Rb4 Qxe3 24. Re1 Qa7 25.
Rbe4 Rad8 26. Nxe5 Qb8 $11 {Stockfish9}) 23... Rad8 $17 (23... Rfd8 $17 {
Komodo11}) 24. b4 Qe3 (24... h5 25. Rg3 Qe3 26. h4 Qd3 27. Qxd3 Rxd3 28. Kh2
Rfd8 $17 {Komodo11}) (24... Rd6 25. Kh2 Rfd8 {Komodo11}) 25. Re1 Qd3 26. Qf2 (
26. Qc1 Kh7 (26... h5 27. Rg3 Bh4 28. f6 Bxf6 (28... Bxg3 29. Qg5 {mating}) 29.
Qh6 Rd6 (29... g6 30. Ng5 (30. Qxh5 Qc2 $15) 30... Bxg5 31. Rxg5 Rd6 32. Qxh5
Re8 $11)) (26... Kh8 27. Kh2 Rd7 28. Qe3 Qc2 29. Qe2 Qa4 $15 {Komodo11}) 27. h4
g6 28. fxg6+ fxg6 29. Rg3 Qd6 30. Rh3 Rd7 31. h5 g5 32. Nh2 Bg7 33. Rf3 Rf4 34.
g3 Rxf3 35. Nxf3 Qf8 36. Kg2 $11 {Stockfish9}) 26... Rd6 27. Re3 $2 {lets Bl
in on the backrank} (27. Kh2 Rfd8 28. h4 Qb5 29. Qe2 Qa4 30. Qe3 Kh8 31. h5 Rd3
32. Qf2 a5 33. bxa5 Qxa5 $17 {Komodo11}) 27... Qb1+ $19 {the move overlooked} (
27... Qd1+ 28. Re1 Qd3 29. Re3 {repetition}) 28. Kh2 (28. Re1 Rd1 29. Rxd1 (29.
Qd2 Rxe1+ 30. Qxe1 (30. Nxe1 Rd8 $19 {the N is lost in the absence of the Wh R
from the centre}) 30... Qxb2 $19) 29... Qxd1+ 30. Kh2 Rd8 (30... h5 {Stockfish9
}) 31. h4 h5 32. Rg3 Qc1 33. Ng5 (33. Kh3 Bxh4 34. Rxg7+ Kxg7 35. Qxh4 Qh1+ 36.
Nh2 Rd3+ 37. g3 Kf8 $19 {Stockfish9}) 33... Rd1 34. Re3 Rf1 35. Qe2 Rh1+ 36.
Kg3 Qg1 37. Nf3 Bxh4+ 38. Nxh4 Qh2+ 39. Kf2 Qxh4+ 40. Rg3 Rb1 $19 {Komodo11})
28... Rd1 29. Re1 Rfd8 30. Qg3 (30. Rg1 Rxg1 (30... h5 31. Rg3 Qxe4 {Komodo11})
31. Nxg1 Qc1 32. Rg3 Rd2 (32... Bh4 33. Rxg7+ Kxg7 34. Qxh4 Qg5 {also}) (32...
Bg5 $19 {Komodo11}) 33. Qa7 Bh4 34. Qb8+ Kh7 35. Qxe5 Bxg3+ 36. Qxg3 Rxb2 $19 {
Stockfish9}) 30... Kh8 (30... Rxe1 31. Nxe1 Rd6 (31... Rd1 32. Rxg7+ Kf8 33.
Rxf7+ Kxf7 34. Qg6+ Ke7 35. Qh7+ Kd8 36. Qxh6 Rd6 $19 {Stockfish9} (36... Qxe4
$19 {Komodo11})) 32. h4 h5 33. Rg5 Bxg5 34. hxg5 Rd1 $19 {Komodo11 & Stockfish9
} 35. Qxe5 Rxe1 36. Qb8+ Kh7 37. g6+ fxg6 38. fxg6+ Kxg6 39. Qe8+ Kh6 $1 {
other moves concede a draw} 40. Qh8+ Kg5 41. Qxg7+ Kf4 42. Qg3+ Kxe4 43. Qf3+
Ke5 44. Qg3+ Kd5 45. c4+ Kxc4 46. Qc3+ Kd5 47. Qc5+ Ke6 48. Qc4+ Kf5 49. Qc5+
Kg4 50. Qd4+ Qe4 {& eventually the Bl K excapes the checks}) 31. Qf2 Rxe1 32.
Nxe1 Rd1 33. Nf3 (33. Qc2 {getting rid of Qs best according to Komodo11}) 33...
h5 {looked at frequently in earlier positions by Bl} 34. Rh4 Rh1+ 35. Kg3 Bxh4+
36. Kxh4 (36. Nxh4 Qc1 37. f6 Rf1 $19 {Komodo11}) 36... Qxe4+ 37. Kg5 Qf4+ 38.
Kxh5 Qxf5+ 39. Kh4 g5+ (39... Qf4+ 40. g4 (40. Kh5 g6#) 40... Qh6+ 41. Kg3
Qxh3# {Komodo11}) (39... Rxh3+ 40. gxh3 Qf4+ 41. Kh5 g6# {Komodo11}) 40. Kh5
g4+ (40... Kg7 41. c4 f6 42. b5 e4 43. bxc6 Qg6+ 44. Kg4 f5+ 45. Kg3 Qd6+ 46.
Ne5 Qxe5+ 47. Qf4 Qxf4# {Komodo11}) 41. Kh6 (41. Kh4 gxf3 42. Qxf3 Qxf3 43.
gxf3 Rg1 {and Bl will Q an e pawn, then mate}) 41... Qg6# 0-1

[Event "Dyfed Open"]
[Site "?"]
[Date "2018.02.17"]
[Round "3"]
[White "Probert, Malcolm"]
[Black "Waterfield, John W"]
[Result "0-1"]
[WhiteElo "1601"]
[BlackElo "1919"]
[Annotator "Rudy"]
[PlyCount "46"]
[EventDate "2018.??.??"]

1. Nf3 g6 2. g3 Bg7 3. d4 Nf6 4. Bg2 O-O 5. O-O d6 6. b3 (6. c4) 6... e5 (6...
c5) (6... Nbd7) 7. dxe5 Ng4 (7... dxe5) 8. Bb2 Nc6 9. h3 (9. c4 {main} Ngxe5
10. Nxe5 Nxe5 11. Nc3) 9... Ncxe5 $146 (9... Ngxe5 10. Nxe5 Nxe5) 10. Nxe5 Nxe5
11. Qc1 c6 $146 (11... Re8) (11... f5 {main lines}) 12. f4 (12. c4) 12... Nd7
13. Bxg7 Kxg7 14. c4 (14. e4) 14... Qf6 15. Nc3 $16 Nb6 16. Rd1 Rd8 17. Ne4 (
17. Qd2 d5 18. c5 Nd7 19. e4 Nxc5 20. exd5 $16 {Komodo11}) 17... Qe7 18. Qc3+
f6 19. Qb4 $5 (19. g4 Kf7 20. Qd4 d5 21. g5 f5 22. Nc5 $16 {Komodo11}) 19... c5
(19... Bxh3 20. Bf3 Nc8 $11 {Komodo11}) 20. Qd2 (20. Qc3 Bxh3 21. Nxf6 Qxf6 22.
Qxf6+ Kxf6 23. Bxh3 d5 24. Bg2 dxc4 25. Bxb7 Rab8 26. Bf3 $14 {Komodo11}) 20...
Bxh3 21. Nxd6 $2 (21. Bxh3 Qxe4 22. Bg2 Qe7 23. Kf2 $11 {Komodo11}) 21... Bxg2
22. Kxg2 Rd7 $19 23. e4 Rad8 {the N is lost} 0-1

[Event "Dyfed Open"]
[Site "?"]
[Date "2018.02.17"]
[Round "3"]
[White "Morcom, Huw"]
[Black "Fowler, Caspian"]
[Result "1-0"]
[WhiteElo "1913"]
[BlackElo "1370"]
[Annotator "Rudy"]
[PlyCount "35"]
[EventDate "2018.??.??"]

1. e4 e5 2. Nf3 Nc6 3. Be2 {played for years by local Dyfed player Awne Osinga
& lately taken up by Baadur Jobava GM} Nf6 4. d3 Bc5 5. O-O d6 6. c3 (6. Nc3 {
Awne}) 6... Bb6 7. Na3 (7. Nbd2 {main}) 7... a6 (7... Ne7 8. Nc4 O-O 9. a4 (9.
Qc2 Ng6 10. Re1 Ng4 11. Nxb6 axb6 12. h3 Nf6 13. d4 d5 {Hanham-Kreymborg, New
York State Winter ch 1910,0-1}) 9... c6 10. Nxb6 Qxb6 11. b4 Ng6 12. Be3 Qc7
13. Nd2 {Cablitz-Bogomolow, Oberliga Nord 2006,1-0}) 8. Nc4 Ba7 9. Be3 Be6 10.
Bxa7 Rxa7 11. Ne3 $14 O-O 12. c4 (12. d4 exd4 13. cxd4 d5 14. e5 Ne4 15. Bd3 f6
16. Bc2 $14 {Komodo11}) 12... h6 (12... b5 13. b3 Nd4 14. Nxd4 exd4 15. Nd5 c6
16. Nxf6+ Qxf6 $11 {Komodo11}) 13. d4 exd4 14. Nxd4 Nxe4 $2 {a loose pawn is
sometimes a Greek gift} (14... Ra8) (14... Re8) 15. Nxc6 bxc6 16. Qd4 $18 Qb8 (
16... Nc5 17. b4) 17. Qxe4 Qxb2 18. Bd3 (18. Bd3 g6 19. Qxc6 $18) 1-0

[Event "Dyfed Open"]
[Site "?"]
[Date "2018.02.17"]
[Round "3"]
[White "Jansen Van Rensburg, Leon"]
[Black "Haigh, Tony"]
[Result "0-1"]
[WhiteElo "1528"]
[BlackElo "1799"]
[Annotator "Rudy"]
[PlyCount "66"]
[EventDate "2018.??.??"]

1. e4 Nf6 2. e5 Nd5 3. Nc3 Nxc3 4. bxc3 (4. dxc3 {more frequent}) 4... d5 (4...
d6 {challenges the centre}) 5. f4 c5 6. d4 e6 {now its a French, with Winawer
type features} (6... Nc6 7. Nf3 Bg4 {main}) 7. Nf3 Be7 (7... Nc6 8. Be2 {main})
8. Be2 $146 (8. Bd3) 8... O-O 9. O-O b6 10. Qe1 Ba6 11. Bxa6 Nxa6 12. Qg3 {
also similar to Vienna positions} f5 (12... Re8 13. Ne1 Qd7 14. a4 Nb8 15. Nd3
Nc6 16. dxc5 bxc5 17. Ba3 c4 18. Bxe7 Qxe7 19. Nc1 Rab8 20. Ne2 Rb2 21. Rfc1
Reb8 $15 {Komodo11}) 13. Ng5 (13. exf6 Rxf6 14. Ne5 Rc8 15. Qd3 Nb8 16. f5 Nc6
$11 {Komodo11}) 13... Nc7 {a passive place for the N} (13... Qc8 14. Rf2 Qd7
15. a4 Nb8 16. Qh3 Bxg5 17. fxg5 Nc6 $15 {Bl's N is a better piece than the B,
with so many pawns on its own colour}) 14. h4 Qd7 $15 (14... Qe8 $15) 15. h5
Bxg5 {might give Wh some K side play.} (15... h6 16. Nf3 Nb5 {shifting to the
Q side where Wh will suffer down the c file} 17. Bb2 cxd4 18. cxd4 Rac8 $17 (
18... Bb4 $17) 19. a4 Nc3 20. Bxc3 Rxc3 21. Rfc1 Rfc8 22. Ra2 Qe8 23. Qg6 Qxg6
24. hxg6 R8c4 25. Kf1 Ba3 26. Rb1 Bb4 (26... Rxa4 27. Rb3 Rxb3 28. cxb3 Ra5 29.
Rc2 $16) 27. Ng1 Ba5 28. Rc1 Rg3 29. Kf2 Rxg6 $17 {Komodo11}) 16. fxg5 g6 {
stops the Wh B, but enables Wh to open up the K side} (16... Qa4 $1 {Komodo11}
17. g6 h6 {the B sac poses no danger for Bl, & attention shifts to the Qside
where Wh is inferior} 18. Qd3 Na6 (18... Nb5 {Stockfish9}) 19. Rf2 Rac8 20. Bb2
(20. Bf4 $11 {Stockfish9}) 20... Nb8 21. a3 Nc6 22. Raf1 Rc7 (22... Ne7 {looks
far safer, not allowing g4 ideas at all, but Engines show no fear.}) 23. g3 (
23. g4 {Rudy} Ne7 24. gxf5 (24. g5 hxg5 25. Qg3 g4 26. Qxg4 cxd4 27. h6 {looks
perilous to humans, though Engines cope easily} gxh6 28. Bc1 Nxg6 29. Qh5 Kf7
30. Bxh6 Rg8 31. Rg2 dxc3 32. Bg5 Rc4 33. Bf6 {and Komodo11 ( also Stockfish9)
accepts that humans are right in being cautious, now giving up the exchange to
secure a slight edge ( which eventually peters out to equality)} Rh4 (33... Rg4
34. Qh7+ Kf8 35. Rff2 Rxg2+ 36. Rxg2 Qf4 37. Qxa7 Qe3+ 38. Kh2 Qf4+ 39. Kg1
Qe3+ {also looks Ok}) 34. Bxh4 Qxh4 35. Rxf5+ (35. Qxh4 Nxh4 36. Rxg8 Kxg8 $17
{Bl has too many pawns& Wh has no time hunting with the R on the Q side as e5
will fall}) 35... exf5 36. e6+ Kxe6 37. Qxh4 Nxh4 38. Rxg8 f4 39. Kf2 Nf5 40.
Ke2 Nd6 41. Kd3 f3 42. Ke3 Nc4+ 43. Kd4 Nxa3 44. Rf8 Nxc2+ 45. Kxc3 Na3 46.
Rxf3 $11 {Komodo11, all this looks extremely unclear all along.}) 24... Nxf5
$17 {is worse for Wh, as the N is superbly placed}) 23... Rfc8 (23... Ne7 $15))
17. Rf4 Kf7 (17... Ne8 18. Rh4 Ng7 19. hxg6 hxg6 20. Rh6 Nh5 21. Qd3 c4 22. Qf3
Kg7 23. Ba3 Rh8 24. g4 fxg4 25. Qxg4 Rxh6 26. gxh6+ Kxh6 27. Rf1 Rh8 28. Bf8+
Kh7 29. Qg5 Qe8 30. Bd6 Rg8 $11 {Komodo11}) 18. hxg6+ {perhaps a little early,
as Wh can buildup on the h file first ( tripling even, which Bl cannot match
in the space available} (18. Rh4 Rg8 (18... Rh8 19. a4 Kg7 20. Qh3 Qc6 21. dxc5
bxc5 22. Rb1 Rac8 23. Be3 Na6 24. Rb5 $14 {Komodo11}) 19. Qh3 (19. dxc5 bxc5
20. hxg6+ hxg6 21. Rb1 $16 {opens a second front}) 19... Rg7 20. hxg6+ hxg6 21.
dxc5 bxc5 22. Rb1 $16 {Stockfish9}) 18... hxg6 19. Rh4 Rh8 $11 20. Rh6 Rag8 (
20... cxd4 21. cxd4 Qa4 22. Bb2 Qb4 23. Bc3 Qa4 24. Qh3 Kg7 25. Bb2 Rac8 26.
Rxh8 Rxh8 27. Qc3 Nb5 28. Qb3 Qc4 29. a4 Nc7 30. Qd3 Rh4 $15 {Komodo11}) 21.
Qh4 (21. dxc5 bxc5 22. Rb1 $14 {Komodo11}) 21... Qd8 22. Qh3 Qf8 23. Bd2 (23.
a4 Kg7 24. a5 b5 25. Rb1 a6 26. Qh4 b4 27. Be3 $16 {Komodo11, Bl is having to
defend on both sides of the board}) 23... Ne8 {Bl is just defending, not
looking for counterplay} (23... cxd4 $1 24. cxd4 Nb5 25. Qd3 (25. Qb3 {an
Engine move} Nxd4 26. Qa4 Qc5 27. Be3 Ne2+ 28. Kf2 d4 29. Kxe2 dxe3 30. Qd7+
Qe7 31. Qxe7+ Kxe7 32. Rah1 Rxh6 33. gxh6 Kf7 34. h7 Rh8 35. Kxe3 $14) 25...
Na3 26. Kf2 Nc4 27. Rah1 Kg7 28. Bc1 Qe8 29. Qh3 Rxh6 30. Qxh6+ Kf7 31. Qh7+
Rg7 $11 {Komodo11}) 24. Kf2 $16 Ng7 (24... Rxh6 25. gxh6 Rh8 26. Qe3 c4 27. Qg5
Qe7 28. Qxe7+ Kxe7 29. Kg3 $16 {Komodo11}) 25. Ke2 (25. Rh1 $18 {Komodo11 &
Stockfish9- surely the whole point of Wh's setup} Nh5 (25... Rxh6 26. gxh6 Ne8
27. h7 Rh8 28. Qh4 cxd4 29. cxd4 Qe7 30. Bg5 Qb4 31. Rh3 {and Bf6 will win
whatever Bl tries(short of Q sacs)}) 26. Qf3 Ke7 27. c4 {breaking open the Q
side} Qd8 28. dxc5 bxc5 29. Rb1 $18 (29. R1xh5 gxh5 30. Rf6 Rg7 31. Qa3 {also
works but not as powerful, Stockfish9}) (29. Qa3 dxc4 (29... Qc7 30. cxd5 exd5
31. Rb1) 30. Qxc5+ Kf7 31. Qxa7+ Qe7 32. Qxe7+ Kxe7 33. Rb1 $18 {Komodo11
alternative , also looks convincing})) 25... Nh5 (25... Qe8 26. dxc5 Qb5+ 27.
Qd3 Qxc5 28. Rah1 Nh5 29. Kd1 Qc4 30. Qxc4 dxc4 31. Rh4 b5 $11 {Komodo11}) 26.
g4 fxg4 27. Rf1+ Kg7 (27... Ke7 28. Qxg4 Qe8 29. dxc5 bxc5 (29... Qb5+) 30. Rf6
$18 {Komodo11 & Stockfish9}) 28. Rxf8 $2 {based on a misconception} (28. Qxg4
Qe8 29. Ke1 cxd4 30. cxd4 Rxh6 (30... Rh7 31. Rf6 Kh8 $11 {Komodo11}) 31. gxh6+
Kh7 32. Bg5 Rf8 33. Rxf8 Qxf8 34. Qxe6 $16 Qb4+ {other moves lose quicker} 35.
Bd2 Qb1+ 36. Kf2 Qxc2 37. Qf7+ Kh8 38. Qf8+ Kh7 39. Qe7+ Kg8 40. Qg5 Kh7 41. a3
$16 {Stockfish9 & Komodo11}) 28... gxh3 $19 29. Rf7+ {it would be mate, except
that Bl just plays} Kxf7 30. dxc5 bxc5 (30... h2) 31. Kf2 Rxh6 (31... h2 32.
Kg2 Ng3 33. Rxh2 Rxh2+ 34. Kxh2 Nf1+) 32. gxh6 g5 (32... h2) 33. Be3 Kg6 0-1

[Event "Dyfed Open"]
[Site "?"]
[Date "2018.02.17"]
[Round "3"]
[White "Fowler, Hugo"]
[Black "Owen, Neil"]
[Result "1-0"]
[WhiteElo "1786"]
[BlackElo "1760"]
[Annotator "Rudy"]
[PlyCount "24"]
[EventDate "2018.??.??"]

1. e4 d6 2. d4 c6 3. Bd3 e5 4. c3 Nf6 5. Nf3 Bg4 6. Nbd2 Nbd7 7. Nf1 $146 (7.
O-O) (7. h3) 7... h6 (7... d5 $11 {Komodo11}) 8. Ng3 Nh5 9. Nxh5 Bxh5 10. Be3
Be7 11. Qd2 Qc7 12. O-O-O Nf6 $11 {and Bl was defaulted the game because his
mobile phone rang} 1-0

[Event "Dyfed Open"]
[Site "?"]
[Date "2018.02.17"]
[Round "3"]
[White "Leah, Howard"]
[Black "Jones, Martin C"]
[Result "1/2-1/2"]
[WhiteElo "1467"]
[BlackElo "1769"]
[Annotator "Rudy"]
[PlyCount "109"]
[EventDate "2018.??.??"]

1. e4 c6 2. Nc3 d5 3. Nf3 d4 (3... Bg4) (3... dxe4 {main}) 4. Ne2 c5 5. Ng3 Nc6
6. Bc4 e5 (6... e6) 7. d3 Be7 8. O-O Nf6 9. Ng5 (9. Nh4 O-O 10. a4 Nxe4 11.
Nxe4 Bxh4 12. f4 exf4 13. Bxf4 Be7 14. Qh5 {Keres-Tartakower, FRA-URs m, Paris
1954,1-0}) 9... O-O 10. f4 h6 11. Nf3 exf4 12. Bxf4 Be6 {Komodo11} (12... Na5
13. Qd2 Nxc4 14. dxc4 Be6 15. b3 Nh7 (15... g5 $15) 16. Rae1 g5 17. h4 gxf4 18.
Qxf4 Kh8 19. Nh5 Rg8 20. Qxh6 Bxh4 21. Qf4 Bxe1 22. Qe5+ f6 23. Qxe6 Bg3 24. e5
Qc8 25. Qd5 Qg4 26. Nxg3 Qxg3 27. Rf2 Ng5 28. Nxg5 Rxg5 29. Rxf6 Qe1+ 30. Rf1
Qe3+ {Bogoljubow-Tartakower, Vienna Masters 1922,0-1}) 13. Bxe6 (13. b3) 13...
fxe6 14. e5 (14. Ne5 Nxe5 15. Bxe5 Nd7 16. Bf4 Bg5 $11 {Komodo11}) 14... Nd5 (
14... Ng4 15. Bd2 Qd5 16. Qe2 Ngxe5 $15 {Komodo11}) 15. Bd2 b5 (15... Ne3 16.
Bxe3 dxe3 17. Qe2 Nd4 18. Nxd4 Qxd4 19. c3 Qxe5 20. Rae1 Bg5 21. Rxf8+ Rxf8 22.
Ne4 c4 23. Nxg5 Qxg5 24. Qxe3 Qxe3+ 25. Rxe3 cxd3 $11 (25... Rd8 $11 {Komodo11}
)) 16. Qe2 Rc8 (16... Nf4 $11) 17. Qe4 $14 (17. a4 b4 18. Qe4 $14 {Komodo11})
17... Ndb4 (17... Ne3 18. Bxe3 dxe3 19. c3 Qd5 20. Qxe3 Rcd8 21. Rfd1 (21. a4)
21... Rf7 $14 {Komodo11}) 18. Bxh6 $1 $18 (18. Qg4 $18 {also, but not as
powerful}) 18... Qe8 (18... Rf7 19. Qg4 Nxc2 20. Nh5 Ne3 21. Qxe6 Nf5 22. Bg5
Qe8 23. Bxe7 Ncxe7 24. Ng5 $18 {best try- Komodo11}) 19. Qg4 Rf7 (19... Qf7 20.
Nh4 Nxe5 21. Rxf7 Rxf7 22. Qxe6 $18) 20. Nxd4 {trying to squeeze in Rxf7, but
Bl has a hit on the Q.} (20. Nh5 $1 Kh7 (20... Qf8 21. Bxg7 Rxg7 22. Nxg7 Qxg7
23. Qxe6+ Kh7 24. Qxc8 $18 {Stockfish9}) 21. Nxg7 Qg8 22. Qh5 Rf5 23. Nxf5 (23.
Qh3) 23... Qg6 24. Qh3 exf5 25. Ng5+ Bxg5 26. Bxg5+ Kg8 27. Rxf5 $18 {Komodo11}
) 20... Nxe5 21. Qxe6 $11 {a postion running away from both players to control}
Bf6 (21... Bf8 22. Bf4 cxd4 23. Qxe5 Qxe5 24. Bxe5 Rxf1+ 25. Rxf1 Rxc2 26.
Rxf8+ Kxf8 27. Bd6+ Kf7 28. Bxb4 Rxb2 29. a3 Rb3 30. Nf5 a5 31. Bxa5 Rxa3 32.
Be1 Rxd3 33. Kf1 Rd1 34. Ke2 Rb1 35. Nxd4 b4 $11 {Komodo11}) 22. Ne4 (22. Qxe8+
Rxe8 23. Bd2 cxd4 24. Bxb4 Rc7 25. Nf5 Rxc2 26. Nxd4 Rcc8 (26... Rxb2 27. Bc3
$18) 27. Bc3 b4 28. Bxb4 Nxd3 29. Bc3 $14 {Stockfish9}) 22... cxd4 (22... Nf3+
23. Kh1 Bxd4 24. Qb3 (24. Qxe8+ Rxe8 25. Rxf3 Rxf3 26. gxf3 Nxc2 27. Rc1 Nb4
28. Bd2 Nxd3 $17) 24... Nxc2 25. Qxc2 Nxh2 26. Rxf7 Qxf7 27. Qe2 Qg6 28. Bg5
Qh7 29. g3 Ng4+ 30. Bh4 Ne3 $17 {Komodo11}) 23. Qxe8+ (23. Rxf6 Qxe6 24. Rxe6
gxh6 25. Rxe5 Rxc2 26. Nd6 Rff2 27. Re8+ Kg7 28. Re7+ Kf8 29. Re8+ $11 {
Komodo11}) 23... Rxe8 24. Nd6 gxh6 (24... Ree7 25. Nxf7 Kxf7 26. Bf4 Nxc2 27.
Rac1 Nb4 28. Bxe5 Rxe5 29. Rf3 Re3 30. Rxe3 dxe3 31. Kf1 Nxd3 $17 {Komodo11})
25. Nxe8 Bg5 26. Rxf7 Kxf7 27. Nd6+ Ke6 28. Nxb5 Nxc2 29. Rd1 Ng4 {and its
still a tricky middlegame with both sides having possible vulnerable pawns (
though the 2 pieces should be better than the R, which has trouble finding
activity} (29... Kd5 $17 30. Nxa7 Ne3 31. Rd2 N3g4 32. Rd1 Be3+ 33. Kf1 Nf2 34.
Rb1 Nfxd3 $17 {Komodo11}) 30. h3 (30. a3 Ne5 31. h4 Bf4 32. Kf2 Ne3 33. Rh1 Nc6
34. Kf3 Nd5 35. g3 Be3 36. a4 Ne5+ 37. Ke2 a5 $15 {Komodo11}) 30... Be3+ 31.
Kf1 Nf2 32. Nxd4+ $5 {desperation, which succeeds in causing confusion} (32.
Rb1 Nxd3 $17) 32... Kd5 $2 (32... Bxd4 $19 {just leaves Bl with 3 pieces
against the R}) 33. Nxc2 Nxd1 34. Ke2 $18 Bc1 35. Kxd1 Bxb2 {with 2 pawns up
this should be a win, though the longlegged B can cause difficulties} 36. Ke2 (
36. Ne3+ Kd4 37. Kd2 h5 38. g3 Bc3+ 39. Ke2 Ba5 40. Nf5+ Kc3 41. d4 Bd8 42. d5
Kc4 43. d6 Kd5 44. h4 {and Wh will now get 2 connected passed pawns- Komodo11})
36... Be5 37. Kf3 (37. Ne3+ {Komodo11} Ke6 (37... Kd4 38. Nf5+ Kc3 39. Nxh6 Kb2
40. g4 Kxa2 41. Nf5 Kb3 42. g5 a5 43. d4 Bh8 44. d5 a4 45. Kd3 Be5 46. g6 a3
47. Ne3 {the N can give itself up for Bl's last pawn, while the B cannot dance
at two weddings}) 38. Kf3 Bc3 39. Ke4 {making progress}) 37... Bf6 38. g4 (38.
Kg4 {Komodo11- using the power of the K to force Bl on the defensive} Ke5 39.
Kh5 Bg5 40. g4 Bd2 41. h4 Bc1 42. g5 hxg5 43. hxg5 Bd2 44. g6 Kf6 45. Nd4 a5
46. Nf5 Ke6 47. d4 {one of the pawns will get through}) 38... Bg5 {(draw?)} 39.
Ke2 {going backwards} (39. Kg3 Ke5 40. h4 Bf4+ 41. Kf3 Bc1 42. g5 hxg5 43. h5
Kf5 44. Nd4+ Ke5 45. Nb3 Bf4 (45... g4+ $5 {to liberate the B}) 46. Kg4 Be3 47.
Na5 Ke6 48. Nc6 Kd6 49. Nd8 Ke7 50. Nb7 Ke6 51. Na5 Bb6 52. Nc4 Bd8 53. Nd2 Bb6
54. Ne4 Be3 55. Ng3 Bd4 56. Nf5 Bf6 57. h6 Kf7 58. Kh5 g4 59. Kxg4 Kg6 60. d4
$18 {Komodo11, though it takes a bit of time}) 39... a5 {perhaps best left
unmoved away from the N, though Bl is hoping it might just get through} (39...
Ke5) 40. Ne3+ Kd4 41. Nf5+ Kc3 (41... Ke5 42. Kf3 a4 43. h4 Bc1 44. d4+ Kd5 45.
Ng3 Bd2 46. Ne4 Bb4 47. Ke3 Ba3 48. Ng3 Be7 49. Nf5 Bf6 50. Kf4 {as above}) 42.
h4 Bf6 43. Nxh6 (43. Kf3) 43... Bxh4 44. Nf5 Bg5 45. Nd6 (45. Ng7 $1 {
Komodo11- and the N covers the squares the g pawn needs} Kb2 46. Ne6 Bf6 47. g5
Be7 48. g6 Bf6 49. Kd2 {using the K is easier} (49. g7 Bxg7 50. Nxg7 Kxa2 51.
d4 a4 52. Nf5 a3 53. Ne3 Kb3 54. Kd3 a2 55. Nc2 {its more difficult ,
especially in time pressure to ensure that the N moves are the correct ones.})
49... Kxa2 50. Kc2 Ka3 51. g7 Bxg7 52. Nxg7 Ka4 53. Kc3 Kb5 54. Nf5 {
comfortable}) 45... a4 46. Nb5+ (46. Ne4+ Kb2 47. Nxg5 $18 {as the N is still
close enough to hold the a pawn} Kxa2 48. Ne4 a3 49. Nc3+ Kb2 50. Kd2) 46...
Kb2 47. Kd1 (47. a3 Kb3 48. Kf3 Bf6 49. Ke4 Be7 50. Kf5 Kc2 51. d4 Kb3 52. d5
Kc4 53. d6 Bd8 54. g5 Kxb5 55. g6 {Komodo11, the B is helpless with the Wh K
advanced}) 47... Kxa2 48. Kc2 $18 Bf6 49. d4 Bg5 50. d5 Bf6 51. d6 a3 52. d7 (
52. Nc3+ Ka1 53. Ne4 Bg5 54. d7 (54. Nxg5 a2 {Wh is still winning, but allows
Bl to get a Q}) 54... Bd8 55. g5 Bxg5 56. Nxg5 a2 57. Kb3 Kb1 58. d8=Q a1=N+ (
58... a1=Q 59. Qd1#) 59. Kc3 Nc2 60. Qd1+ Ka2 61. Qxc2+ Ka1 62. Qb2# {Komodo11}
) 52... Bg5 53. Na7 (53. Nc7 Ka1 54. Ne6 Be7 55. g5 Bxg5 56. Nxg5 a2 57. Kb3
Kb1 58. d8=Q {as above note}) 53... Ka1 54. Nc6 Bf6 {Wh now needs to be careful
} 55. d8=Q {(draw agreed)} (55. Ne5 Be7 (55... a2 56. Nd3 Be5 57. Nc5 Bf6 58.
Nb3#) 56. Nf7 Bd8 57. g5 $18 {Komodo11, & Wh wins as in the 2 previous notes})
(55. d8=Q Bxd8 56. Kb3 {Wh could still see if Bl will fall into a trap laid by
Komodo11} (56. Nxd8 a2 {stalemate, as otherwise Bl Qs before Wh}) 56... Kb1 (
56... a2 57. Kc2 $1 Bb6 58. g5 Bd8 (58... Be3 59. Na5 Bxg5 60. Nb3#) 59. Nd4
Bxg5 60. Nb3#) 57. Kxa3 Bf6 $11) 1/2-1/2